Nezdaniteľná časť základu dane daň z príjmov fyzických osôb za rok 1998 (I)

Bibliographic Details
Main Author: Piršelová, Dagmar (Author)
Format: Article
Language:Slovak
ISSN:1335-4124
Subjects:

MARC

LEADER 00000nab a2200000 a 4500
001 vtls000687915
003 SK-MaSNL
005 20260302195641.0
008 180206c1999 xo 0 slo
015 |a SNBRB1999/03-05629 
035 |a CLN000040082 
040 |a SNKBUCL  |b slo  |c SNKBUCL  |e AACR2 
041 0 |a slo 
044 |a xo  |c SK 
080 |a 336.215.024.1.027.5  |2 UDC-MRF-SK2 
100 1 |a Piršelová, Dagmar  |4 aut  |9 194806 
245 1 0 |a Nezdaniteľná časť základu dane  |b daň z príjmov fyzických osôb za rok 1998  |n (I)  |c Dagmar Piršelová 
500 |a Pokračovanie v č. 26/1999 
650 0 7 |a osoby fyzické  |x dane z príjmov  |x základ dane  |x časť nezdaniteľná  |2 snkbucl  |9 845290 
650 0 7 |a dane z príjmov  |2 snkbucl  |9 2125 
650 0 7 |a základ dane  |2 snkbucl  |9 846950 
655 7 |a články z novín a časopisov  |2 snkbucl  |9 267496 
773 0 |x 1335-4124  |t Hospodársky denník  |g Roč. 1, č. 25 (23.3.1999), s. 18 
850 |a Slovenská národná knižnica v Martine 
852 |a SNK  |b KIS3GCP 
958 |a RBX 
999 |c 1453404  |d 1455334